Autobiografía [de Rubén Darío] /

Guardat en:
Dades bibliogràfiques
Autor principal: Darío, Rubén (autor)
Format: Llibre
Idioma:espanyol
Publicat: México : Porrúa, 1999, c1999
Col·lecció:(Sepan Cuántos ; 714)
Matèries:
Etiquetes: Afegir etiqueta
Sense etiquetes, Sigues el primer a etiquetar aquest registre!

MARC

LEADER 00000nam^a2200000^a^4500
001 000302509
005 20250521000000.0
009 20260310112614.981
020 |a 970-07-1715-1 
037 |a Acervo ITESO - Biblioteca 
041 |a ESP 
082 |a 082.  |b POR V. 714 
100 |a Darío, Rubén  |e (autor) 
240 1 1 |a [Autobiografía de Rubén Darío] 
240 1 1 |a [España contemporánea] 
245 1 0 |a Autobiografía [de Rubén Darío] /  |c R. Darío ; pról. de Luis S. Grangel. 
264 4 |a México :  |b Porrúa,  |c 1999, c1999 
300 |a XXIV, 286 p. 
336 |a texto  |b txt  |2 rdacontenido 
337 |a sin mediación  |b n  |2 rdamedio 
338 |a volumen  |b nc  |2 rdasoporte 
440 1 |a (Sepan Cuántos ;  |v 714) 
545 0 |a Rubén Darío (1867-1916), escritor nicaragüense que es considerado como el fundador del modernismo, estableció con su obra un punto de inflexión en la poesía en lengua castellana y fue el primer caso de escritor americano que sirvió de ejemplo en Europa. Su trayectoria inicia cabalmente con Azul... (1888), libro al que siguieron Prosas Profanas (1896), Cantos de vida y esperanza (1905), El canto errante (1907), Poema del otoño y otros poemas (1910), Danzas gimnesias (1913) y Canto a la Argentina y otros poemas (1914) en el terreno de la poesía, a los que debe sumarse los ensayos Los raros (1893), España contemporánea (1901), Perenigraciones (1901) y La caravana pasa (1903). 
649 |a XX 
650 |a Escritores Nicaragüenses -  |x Memorias 
650 |a Autobiografías Nicaragüenses 
650 |a Crónicas Nicaragüenses 
650 |a Artículos Periodísticos Nicaragüenses 
650 |a Ensayos Nicaragüenses 
650 |a Literatura y Periodismo 
650 |a Literatura Autobiográfica -  |z Nicaragua 
650 |a Literatura Nicaragüense -  |y Siglo XIX 
650 |a Literatura Nicaragüense -  |y Siglo XX 
650 |a Literatura Española -  |x Historia y Crítica 
650 |a España en la Literatura 
650 |a España -  |x Descripción 
650 |a España -  |x Historia -  |y Alfonso XIII, 1886-1931 -  |x Tema Principal 
650 |a España -  |x Historia -  |y Siglo XIX 
650 |a España -  |x Historia -  |y Borbones, 1700-1931 
650 |a Darío, Rubén -  |x Tema Principal 
740 0 |a España contemporánea :  |b crónicas y retratos literarios /  |c R. Darío ; pról. de Luis S. Grangel. 
910 |a Fondo General 
920 |a Impresos - Libros 
930 |a Colección General 
940 |a Literatura 
905 |a 101 
901 |a 0500188784  |b IT1  |c LIT  |i C120738  |u 20250521 
902 |a https://opac.biblio.iteso.mx/vufind/Record/000302509